Statistics for "Dark" Netflix Series | Part 1 : Text

Click here to take the quiz!

General Stats

  • This quiz has been taken 113 times
  • The average score is 6 of 18

Answer Stats

HintAnswer% Correct
WCity where it all happensWinden
87%
JWho pushed Michael Kahnwald to suicide?Jonas
84%
HWhich child was the first successful Noah's experiment to time travel?Helge
72%
TWho does destroy his own world and create two othersTannhaus
64%
NWho's original name was Hanno Tauber?Noah
59%
KWho's pendant finds Martha when she swims with Jonas at the lake?Katharina
53%
RChocolate bar loved by MadsRaider
35%
HWho's imagine art did Mikkel like?Harry Houdini
33%
MWhat drank Jonas and Martha in their own worlds in first episode of 1 and 3 seasons?Milk
32%
EName of Eve's secret community?Erit Lux
22%
DPolice chief in 1953Daniel Kahnwald
21%
EName grandfather of the above ( guess )Egon Tiedemann
20%
DIn what did Eve's world become after apocalypse?Desert
18%
HName great-grandmother of JonasHelene Albers
15%
DWhat does german government plan to do with the nuclear plant in 2020?Demolish
14%
BWith him are dating Peter in origin world?Bernadette
12%
JElizabeth's deaf friendJasin Friese
5%
NSurname of ClausenNiewald
5%

Score Distribution

Percentile by Number Answered

Percent of People with Each Score

Your Score History

You have not taken this quiz